000 00357nam a2200133 a 4500
005 20140513081058.0
008 080110s19uu xx 00 eng d
050 _aVCD
_bBu917 2008
245 _aBuzby and the Grumble Bees.
260 _bHeartshaper,
_c2008.
_aPhilippines :
440 _aHermie and friends
650 _aBehaving- fiction.
999 _c116618
_d116618